Miasta europejskie według zdjęcia #1 - Statystyki

Ogólne statystyki
  • Ten quiz został rozwiązany 32 razy
  • Średni wynik to 7 z 15
Statystyki odpowiedzi
Obrazkowy Odpowiedź % Poprawnych
Rzym
100%
Paryż
92%
Berlin
88%
Budapeszt
77%
Barcelona
73%
Mediolan
65%
Praga
62%
Kopenhaga
42%
Sankt Petersburg
38%
Genewa
35%
Turyn
23%
Monachium
19%
Pampeluna
19%
Dublin
12%
Birmingham
0%
Nie znaleziono quizów pasujących do podanych kryteriów
Rozkład punktacji
Procent ludzi z każdym wynikiem
Percentyl według liczby udzielonych odpowiedzi
Twoja historia wyników
Nie rozwiązałeś tego quizu